| LEADER 00000nam 2200000uu 4500 |
| 001 13399108794 |
| 003 ULIB |
| 008 110315s2552||||th 000 0 tha d |
| 020 ^a974-614-920-2
|
| 050 4 ^aLB1028.3^bส747ท 2552
|
| 110 2 ^aมหาวิทยาลัยสุโขทัยธรรมาธิราช.^bสาขาวิชาศึกษาศาสตร์
|
| 245 10 ^aเอกสารการสอนชุดวิชาเทคโนโลยีการสอน =^bInstructionaltechnology /^cมหาวิทยาลัยสุโขทัยธรรมาธิราช สาขาวิชาศึกษาศาสตร์
|
| 246 30 ^aเทคโนโลยีการสอน
|
| 260 ^aนนทบุรี :^bสาขาวิชา,^c2552
|
| 300 ^a2 เล่ม :^bภาพประกอบ
|
| 505 ^aล.1. หน่วยที่ 1-8 -- ล.2. หน่วยที่ 9-15
|
| 520 ^aหนังสือเล่มนี้เสนอเนื้อหาเกี่ยวกับเทคโนโลยีการสอน ประกอบด้วยเรื่อง ความหมายแนวคิดเกี่ยวกับเทคโนโลยีการสอน การสอนในฐานะระบบ กระบวนการสื่อสารการเรียนการสอน พฤติกรรมการเรียนการสอน วิธีการเรียนการสอน การออกแบบสื่อโสตทัศน์เพื่อการสอน การออกแบบสื่ออิเล็กทรอนิกส์และโทรคมนาคมเพื่อการสอน การจัดการเรียนการสอน สภาพแวดล้อมการเรียนการสอน การประเมินการเรียนการสอน การวิจัยทางการเรียนการสอน นวตกรรมการเรียนการสอนในประเทศไทยและต่างประเทศ
|
| 650 7 ^aเทคโนโลยีทางการศึกษา
|
| 650 7 ^aการสอน^xการออกแบบ
|
| 999 ^aสุณิสา
|